GETS Theological Seminary Library

靈命深處 : (Record no. 27156)

MARC details
000 -LEADER
fixed length control field 00726nam a2200217Ia 4500
008 - FIXED-LENGTH DATA ELEMENTS--GENERAL INFORMATION
fixed length control field 200901s9999||||xx |||||||||||||| ||und||
041 ## - LANGUAGE CODE
Language code of text/sound track or separate title chi
Language code of original eng
050 ## - LIBRARY OF CONGRESS CALL NUMBER
Classification number BV1370.P45
Item number .G37 1985
100 ## - MAIN ENTRY--PERSONAL NAME
Personal name Garrard, Mary N.
245 #0 - TITLE STATEMENT
Title 靈命深處 :
Remainder of title 賓師母傳記 /
Statement of responsibility, etc. 葛朗蒂 (Mary N Garrard) 著; 戴致進譯
246 ## - VARYING FORM OF TITLE
Title proper/short title 灵命深处 :
Remainder of title 宾师母传记/
260 ## - PUBLICATION, DISTRIBUTION, ETC.
Place of publication, distribution, etc. 台北市 :
Name of publisher, distributor, etc. 橄欖基金會,
300 ## - PHYSICAL DESCRIPTION
Extent 2, 214 p.
Other physical details ;
Dimensions 22 cm.
500 ## - GENERAL NOTE
General note Translation of: Mrs. Penn-Lewis : a memoir.
650 ## - SUBJECT ADDED ENTRY--TOPICAL TERM
Topical term or geographic name entry element Christian women -- Religious life.
650 ## - SUBJECT ADDED ENTRY--TOPICAL TERM
Topical term or geographic name entry element Penn-Lewis, Jessie, -- 1861-1927.
650 ## - SUBJECT ADDED ENTRY--TOPICAL TERM
Topical term or geographic name entry element World Young Women's Christian Association.
700 ## - ADDED ENTRY--PERSONAL NAME
Personal name 戴致進
700 ## - ADDED ENTRY--PERSONAL NAME
Personal name 葛朗蒂
Holdings
Withdrawn status Lost status Damaged status Not for loan Home library Current library Shelving location Date acquired Total Checkouts Full call number Barcode Date last seen Price effective from Koha item type
        GETS Theological Seminary Library GETS Theological Seminary Library General Stacks 09/01/2020   BV1370.P45 .G37 1985 00014397 09/01/2020 09/01/2020 Chinese Book
OpacCredits

Contact the Librarian, GETS Library
Email: library@mygets.org









Implemented by GETS Library
(Powered by ETCA Professional Group)
GETS Theological Seminary
412 E. Rowland Street, CA 91723